| 000 | ntm a22 7a 4500 | ||
|---|---|---|---|
| 999 |
_c346180 _d346180 |
||
| 003 | BLK | ||
| 005 | 20191025091123.0 | ||
| 008 | 191025b bu ||||| |||| 00| 0 bu d | ||
| 040 | _aBLK | ||
| 041 |
_aBUL _cBUL |
||
| 080 |
_aЗападноевропейска литература _b821.11/821.134 _z821.11/821.134 |
||
| 245 |
_aФренски романтизъм _bМишле ; Мериме : Ръкописни бележки : Събрани от Михаил Арнаудов |
||
| 380 | _a82 | ||
| 490 |
_9396381 _aЧастна колекция - Академик Михаил Арнаудов _gДарение - Основен фонд |
||
| 500 | _aМатериалите са в плик с адрес: Prof. Dr. M. Arnaudov. Sofija Bulgarie. Ul. Dobrudza 7. | ||
| 505 |
_tМишле. Ръкописни бележки. - 2 л. _tПроспер Мериме. Ръкописни бележки. - 2 л. _tИзрезка. - 1 бр. |
||
| 600 | 0 |
_9321423 _aМишле, Жюл |
|
| 600 | 1 | 4 |
_994928 _aМериме, Проспер |
| 852 | _aМА 5076 | ||
| 942 |
_cMNS _n0 _s1 |
||
| 999 | _d346175 | ||
| 999 | _d346175 | ||